Nächstgrößere Stadt des Bundeslandes - Deutschland - Statistiken

Allgemein
  • Dieses Quiz wurde 189 mal gespielt
  • Das Durchschnittsergebnis liegt bei 7 aus 14
Antwortstatistiken
BL Stadt Nächstgrößere Stadt Einwohner % Korrekt
HB Bremen Bremerhaven 113.557
98%
TH Jena Gera 92.126
75%
HE Wiesbaden Kassel 201.048
63%
SN Chemnitz Zwickau 87.516
60%
ST Halle (Saale) Magdeburg 235.775
57%
SL Saarbrücken Neunkirchen 46.037
52%
BW Freiburg im Breisgau Heidelberg 158.741
47%
NI Oldenburg Osnabrück 164.223
46%
BY Erlangen Bamberg 76.674
40%
NW Bonn Münster 314.319
40%
SH Flensburg Neumünster 79.905
40%
MV Stralsund Wismar 42.824
39%
RP Bad Kreuznach Speyer 50.741
26%
BB Frankfurt (Oder) Oranienburg 45.492
19%
Keine übereinstimmenden Quizze gefunden
Verteilung der Resultate
Anzahl Personen mit jedem Resultat
Perzentil nach korrekt beantworteten Fragen
Ihre Resultats-Entwicklung
Sie haben dieses Quiz noch nicht gespielt